<?xml version="1.0" encoding="UTF-8"?><?xml-stylesheet type="text/xsl" href="static/style.xsl"?><OAI-PMH xmlns="http://www.openarchives.org/OAI/2.0/" xmlns:xsi="http://www.w3.org/2001/XMLSchema-instance" xsi:schemaLocation="http://www.openarchives.org/OAI/2.0/ http://www.openarchives.org/OAI/2.0/OAI-PMH.xsd"><responseDate>2026-04-13T13:26:44Z</responseDate><request verb="GetRecord" identifier="oai:www.recercat.cat:10459.1/83598" metadataPrefix="marc">https://recercat.cat/oai/request</request><GetRecord><record><header><identifier>oai:recercat.cat:10459.1/83598</identifier><datestamp>2024-12-04T13:04:19Z</datestamp><setSpec>com_2072_3622</setSpec><setSpec>col_2072_478537</setSpec></header><metadata><record xmlns="http://www.loc.gov/MARC21/slim" xmlns:dcterms="http://purl.org/dc/terms/" xmlns:xsi="http://www.w3.org/2001/XMLSchema-instance" xmlns:doc="http://www.lyncode.com/xoai" xsi:schemaLocation="http://www.loc.gov/MARC21/slim http://www.loc.gov/standards/marcxml/schema/MARC21slim.xsd">
   <leader>00925njm 22002777a 4500</leader>
   <datafield ind2=" " ind1=" " tag="042">
      <subfield code="a">dc</subfield>
   </datafield>
   <datafield ind2=" " ind1=" " tag="720">
      <subfield code="a">Vaquero Pita, Judith</subfield>
      <subfield code="e">author</subfield>
   </datafield>
   <datafield ind2=" " ind1=" " tag="260">
      <subfield code="c">2022-07-05T13:13:10Z</subfield>
   </datafield>
   <datafield ind2=" " ind1=" " tag="260">
      <subfield code="c">2022-07-05T13:13:10Z</subfield>
   </datafield>
   <datafield ind2=" " ind1=" " tag="260">
      <subfield code="c">2022-05</subfield>
   </datafield>
   <datafield ind2=" " ind1=" " tag="520">
      <subfield code="a">Introducción: La situación sanitaria en los campamentos saharauis ha ido evolucionando&#xd;
con el paso de los años, aunque siempre ha sido una de las mayores preocupaciones para&#xd;
el gobierno de la República Árabe Saharaui Democrática ya que los saharauis&#xd;
habitualmente se enfrentan a la desnutrición y a enfermedades infecciosas (1), sobre todo&#xd;
en niños. Para evitarlo, se están creando diferentes protocolos para conseguir protocolizar&#xd;
los cuidados de enfermería, los cuales son las actividades llevadas a cabo por el equipo&#xd;
de enfermería para el tratamiento y prevención de las enfermedades y están centrados en&#xd;
el cuidado de la salud y de la vida del recién nacido (2,3).&#xd;
Objetivo: Crear un protocolo sobre los cuidados de enfermería para madres en neonatos&#xd;
sanos en los campamentos saharauis adaptado a la situación y recursos de los&#xd;
campamentos para ayudar a las enfermeras a protocolizar los cuidados del neonato sano.&#xd;
Material y método: Se ha realizado una revisión sistematizada basada en la búsqueda de&#xd;
artículos, protocolos y guías obtenidas de las bases de datos PubMed, Google Académico&#xd;
y Encuentra (enfermería inteligente). Se han utilizado las palabras clave mencionadas a&#xd;
continuación.&#xd;
Resultados: Se ha obtenido un protocolo basado en la literatura actualmente disponible&#xd;
sobre los cuidados de enfermería para madres en neonatos sanos en los campamentos&#xd;
saharauis. Además, se ha conseguido protocolizar los cuidados de enfermería.&#xd;
Conclusión: Se quiere conseguir que la creación del protocolo sirva de ayuda a las&#xd;
enfermeras de los campamentos saharauis. Además, se pretende que este sirva para&#xd;
diferentes profesionales sanitarios que necesiten consultar los cuidados de enfermería en&#xd;
los neonatos sanos.</subfield>
   </datafield>
   <datafield ind2=" " ind1=" " tag="520">
      <subfield code="a">Introduction: The health situation in the saharan camps has been evolving over the years,&#xd;
although it has always been one of the greatest concerns for the government of the&#xd;
Saharawi Arab Democratic Republic, since the Saharan usually face malnutrition and&#xd;
infectious diseases(1), especially in children. To avoid this, different protocols are being&#xd;
created to formalize nursing care, which are the activities carried out by the nursing team&#xd;
for the treatment and prevention of diseases and are focused on health care and the life of&#xd;
the new-born (2,3).&#xd;
Objective: Create a protocol on nursing care for mothers in healthy new-borns in saharan&#xd;
camps adapted to the situation and resources of the camps to help nurses to protocolize&#xd;
the care of healthy new-borns.&#xd;
Material and method: A systematic review has been carried out based on a search of&#xd;
articles, protocols and guidelines obtained from the PubMed, Google Scholar and&#xd;
“Encuentra” (intelligent nursing) databases has been carried out. The keywords&#xd;
mentioned below have been used.&#xd;
Results: A protocol based on the currently available literature on nursing care for mothers&#xd;
in healthy new-borns in saharan camps has been obtained. In addition, it has been possible&#xd;
to protocolize nursing care.&#xd;
Conclusion: The aim is to ensure that the creation of the protocol helps the nurses in the&#xd;
saharan camps. In addition, it is intended that this be used by different health professionals&#xd;
who need to consult nursing care in healthy neonates.</subfield>
   </datafield>
   <datafield ind1="8" ind2=" " tag="024">
      <subfield code="a">http://hdl.handle.net/10459.1/83598</subfield>
   </datafield>
   <datafield tag="653" ind2=" " ind1=" ">
      <subfield code="a">Neonato</subfield>
   </datafield>
   <datafield tag="653" ind2=" " ind1=" ">
      <subfield code="a">Cuidados de enfermería</subfield>
   </datafield>
   <datafield tag="653" ind2=" " ind1=" ">
      <subfield code="a">Campamentos de refugiados saharauis</subfield>
   </datafield>
   <datafield tag="653" ind2=" " ind1=" ">
      <subfield code="a">Neonate</subfield>
   </datafield>
   <datafield tag="653" ind2=" " ind1=" ">
      <subfield code="a">Nursing care</subfield>
   </datafield>
   <datafield tag="653" ind2=" " ind1=" ">
      <subfield code="a">Sahrawi refugee camps</subfield>
   </datafield>
   <datafield ind2="0" ind1="0" tag="245">
      <subfield code="a">Protocolo sobre los cuidados de enfermería para madres en neonatos sanos en los campamentos saharauis</subfield>
   </datafield>
</record></metadata></record></GetRecord></OAI-PMH>